<?xml version="1.0" encoding="UTF-8"?>
<collection xmlns="http://www.loc.gov/MARC21/slim">
 <record>
  <leader>02871cam a2200613   4500</leader>
  <controlfield tag="001">1607277719</controlfield>
  <controlfield tag="003">DE-627</controlfield>
  <controlfield tag="005">20231123135158.0</controlfield>
  <controlfield tag="007">tu</controlfield>
  <controlfield tag="008">110113s2011    xx |||||      00| ||eng c</controlfield>
  <datafield tag="016" ind1="7" ind2=" ">
   <subfield code="a">015550924</subfield>
   <subfield code="2">UK</subfield>
  </datafield>
  <datafield tag="020" ind1=" " ind2=" ">
   <subfield code="a">9780754662341</subfield>
   <subfield code="c">(hbk.) £60.00</subfield>
   <subfield code="9">978-0-7546-6234-1</subfield>
  </datafield>
  <datafield tag="020" ind1=" " ind2=" ">
   <subfield code="a">0754662349</subfield>
   <subfield code="c">(hbk.) £60.00</subfield>
   <subfield code="9">0-7546-6234-9</subfield>
  </datafield>
  <datafield tag="024" ind1="3" ind2=" ">
   <subfield code="a">9780754662341</subfield>
  </datafield>
  <datafield tag="035" ind1=" " ind2=" ">
   <subfield code="a">(DE-627)1607277719</subfield>
  </datafield>
  <datafield tag="035" ind1=" " ind2=" ">
   <subfield code="a">(DE-576)335830269</subfield>
  </datafield>
  <datafield tag="035" ind1=" " ind2=" ">
   <subfield code="a">(DE-599)BSZ335830269</subfield>
  </datafield>
  <datafield tag="035" ind1=" " ind2=" ">
   <subfield code="a">(OCoLC)705681454</subfield>
  </datafield>
  <datafield tag="040" ind1=" " ind2=" ">
   <subfield code="a">DE-627</subfield>
   <subfield code="b">ger</subfield>
   <subfield code="c">DE-627</subfield>
   <subfield code="e">rakwb</subfield>
  </datafield>
  <datafield tag="041" ind1=" " ind2=" ">
   <subfield code="a">eng</subfield>
  </datafield>
  <datafield tag="084" ind1=" " ind2=" ">
   <subfield code="a">9,10</subfield>
   <subfield code="2">ssgn</subfield>
  </datafield>
  <datafield tag="084" ind1=" " ind2=" ">
   <subfield code="a">LI 53330</subfield>
   <subfield code="2">rvk</subfield>
   <subfield code="0">(DE-625)rvk/96490:</subfield>
  </datafield>
  <datafield tag="090" ind1=" " ind2=" ">
   <subfield code="a">a</subfield>
  </datafield>
  <datafield tag="100" ind1="1" ind2=" ">
   <subfield code="a">Di Dio, Kelley Helmstutler</subfield>
   <subfield code="0">(DE-627)1405830182</subfield>
   <subfield code="0">(DE-576)335830188</subfield>
   <subfield code="4">aut</subfield>
  </datafield>
  <datafield tag="245" ind1="1" ind2="0">
   <subfield code="a">Leone Leoni and the status of the artist at the end of the renaissance</subfield>
   <subfield code="c">Kelley Helmstutler Di Dio</subfield>
  </datafield>
  <datafield tag="264" ind1=" " ind2="1">
   <subfield code="a">Farnham [u.a.]</subfield>
   <subfield code="b">Ashgate</subfield>
   <subfield code="c">2011</subfield>
  </datafield>
  <datafield tag="300" ind1=" " ind2=" ">
   <subfield code="a">XVI, 250 S.</subfield>
   <subfield code="b">Ill.</subfield>
   <subfield code="c">25 cm</subfield>
  </datafield>
  <datafield tag="336" ind1=" " ind2=" ">
   <subfield code="a">Text</subfield>
   <subfield code="b">txt</subfield>
   <subfield code="2">rdacontent</subfield>
  </datafield>
  <datafield tag="337" ind1=" " ind2=" ">
   <subfield code="a">ohne Hilfsmittel zu benutzen</subfield>
   <subfield code="b">n</subfield>
   <subfield code="2">rdamedia</subfield>
  </datafield>
  <datafield tag="338" ind1=" " ind2=" ">
   <subfield code="a">Band</subfield>
   <subfield code="b">nc</subfield>
   <subfield code="2">rdacarrier</subfield>
  </datafield>
  <datafield tag="490" ind1="1" ind2=" ">
   <subfield code="a">Visual culture in early modernity</subfield>
   <subfield code="v">[13]</subfield>
  </datafield>
  <datafield tag="500" ind1=" " ind2=" ">
   <subfield code="a">Bd.zählung aus später erschienenem Bd</subfield>
  </datafield>
  <datafield tag="653" ind1=" " ind2="4">
   <subfield code="a">Leoni, Leone, 1509-1590</subfield>
  </datafield>
  <datafield tag="653" ind1=" " ind2="4">
   <subfield code="a">Sculptors</subfield>
   <subfield code="a">Italy</subfield>
   <subfield code="a">Biography</subfield>
  </datafield>
  <datafield tag="689" ind1="0" ind2="0">
   <subfield code="d">p</subfield>
   <subfield code="0">(DE-588)118779567</subfield>
   <subfield code="0">(DE-627)145028348</subfield>
   <subfield code="0">(DE-576)209445769</subfield>
   <subfield code="a">Leoni, Leone</subfield>
   <subfield code="d">1509-1590</subfield>
   <subfield code="2">gnd</subfield>
  </datafield>
  <datafield tag="689" ind1="0" ind2="1">
   <subfield code="d">g</subfield>
   <subfield code="0">(DE-588)4027833-5</subfield>
   <subfield code="0">(DE-627)106283235</subfield>
   <subfield code="0">(DE-576)208972501</subfield>
   <subfield code="a">Italien</subfield>
   <subfield code="2">gnd</subfield>
  </datafield>
  <datafield tag="689" ind1="0" ind2="2">
   <subfield code="d">s</subfield>
   <subfield code="0">(DE-588)4033423-5</subfield>
   <subfield code="0">(DE-627)106257307</subfield>
   <subfield code="0">(DE-576)209001941</subfield>
   <subfield code="a">Künstler</subfield>
   <subfield code="2">gnd</subfield>
  </datafield>
  <datafield tag="689" ind1="0" ind2="3">
   <subfield code="d">s</subfield>
   <subfield code="0">(DE-588)4077618-9</subfield>
   <subfield code="0">(DE-627)10607962X</subfield>
   <subfield code="0">(DE-576)209205814</subfield>
   <subfield code="a">Sozialstatus</subfield>
   <subfield code="2">gnd</subfield>
  </datafield>
  <datafield tag="689" ind1="0" ind2="4">
   <subfield code="a">z</subfield>
   <subfield code="2">gnd</subfield>
   <subfield code="a">Geschichte 1500-1600</subfield>
  </datafield>
  <datafield tag="689" ind1="0" ind2=" ">
   <subfield code="5">(DE-627)</subfield>
  </datafield>
  <datafield tag="787" ind1="0" ind2="8">
   <subfield code="i">Rezensiert in</subfield>
   <subfield code="a">Cupperi, Walter, 1976 - </subfield>
   <subfield code="t">Artist’s culture or literary erudition?</subfield>
   <subfield code="d">2012</subfield>
   <subfield code="w">(DE-627)1871012171</subfield>
  </datafield>
  <datafield tag="787" ind1="0" ind2="8">
   <subfield code="i">Rezensiert in</subfield>
   <subfield code="a">Nova, Alessandro, 1954 - </subfield>
   <subfield code="t">Schriften von Alessandro Nova ; 50a: [Rezension von: Di Dio, Kelley Helmstutler, Leone Leoni and the status of the artist at the end of the Renaissance]</subfield>
   <subfield code="d">Heidelberg : Universitätsbibliothek Heidelberg, 2017</subfield>
   <subfield code="h">1 Online-Ressource</subfield>
   <subfield code="w">(DE-627)1556485255</subfield>
   <subfield code="w">(DE-576)486485250</subfield>
  </datafield>
  <datafield tag="830" ind1=" " ind2="0">
   <subfield code="a">Visual culture in early modernity</subfield>
   <subfield code="v">[13]</subfield>
   <subfield code="9">13]</subfield>
   <subfield code="w">(DE-627)86670423X</subfield>
   <subfield code="w">(DE-576)476503728</subfield>
   <subfield code="w">(DE-600)2867015-2</subfield>
   <subfield code="7">ns</subfield>
  </datafield>
  <datafield tag="856" ind1="4" ind2="2">
   <subfield code="u">https://swbplus.bsz-bw.de/bsz335830269inh.htm</subfield>
   <subfield code="m">B:DE-576;DE-16</subfield>
   <subfield code="q">application/pdf</subfield>
   <subfield code="v">20110217182234</subfield>
   <subfield code="x">Verlag</subfield>
   <subfield code="3">Inhaltsverzeichnis</subfield>
  </datafield>
  <datafield tag="935" ind1=" " ind2=" ">
   <subfield code="i">sf</subfield>
  </datafield>
  <datafield tag="936" ind1="r" ind2="v">
   <subfield code="a">LI 53330</subfield>
   <subfield code="b">Leoni, Leone</subfield>
   <subfield code="k">Künstler-Monografien</subfield>
   <subfield code="k">Alphabetische Künstlerliste</subfield>
   <subfield code="k">Künstler L</subfield>
   <subfield code="k">Leoni, Leone</subfield>
   <subfield code="0">(DE-627)127113506X</subfield>
   <subfield code="0">(DE-625)rvk/96490:</subfield>
   <subfield code="0">(DE-576)20113506X</subfield>
  </datafield>
  <datafield tag="951" ind1=" " ind2=" ">
   <subfield code="a">BO</subfield>
  </datafield>
  <datafield tag="990" ind1=" " ind2=" ">
   <subfield code="a">Leoni, Leone</subfield>
  </datafield>
  <datafield tag="990" ind1=" " ind2=" ">
   <subfield code="a">Italien</subfield>
  </datafield>
  <datafield tag="990" ind1=" " ind2=" ">
   <subfield code="a">Künstler</subfield>
  </datafield>
  <datafield tag="990" ind1=" " ind2=" ">
   <subfield code="a">Sozialstatus</subfield>
  </datafield>
  <datafield tag="990" ind1=" " ind2=" ">
   <subfield code="a">Geschichte 1500-1600</subfield>
  </datafield>
  <datafield tag="991" ind1=" " ind2=" ">
   <subfield code="a">Rezensiertes Werk</subfield>
  </datafield>
  <datafield tag="999" ind1=" " ind2=" ">
   <subfield code="a">KXP-PPN1607277719</subfield>
   <subfield code="e">4252461545</subfield>
  </datafield>
 </record>
</collection>
